Mémoire et réussite scolaire (Record no. 3354)

MARC details
000 -LEADER
fixed length control field 02008nam a2200265 4500
008 - FIXED-LENGTH DATA ELEMENTS--GENERAL INFORMATION
fixed length control field s2004 fr fre u
020 ## - INTERNATIONAL STANDARD BOOK NUMBER
International Standard Book Number 9782100486618
040 ## - CATALOGING SOURCE
Original cataloging agency LB-BrCRDP
082 1# - DEWEY DECIMAL CLASSIFICATION NUMBER
Classification number 370.152
Item number LIE
100 1# - MAIN ENTRY--PERSONAL NAME
Personal name Lieury, Alain
245 10 - TITLE STATEMENT
Title Mémoire et réussite scolaire
Statement of responsibility, etc. Alain Lieury
250 ## - EDITION STATEMENT
Edition statement 3e éd.
260 ## - PUBLICATION, DISTRIBUTION, ETC.
Place of publication, distribution, etc. Paris
Name of publisher, distributor, etc. Dunod
Date of publication, distribution, etc. 2004
300 ## - PHYSICAL DESCRIPTION
Extent 154 p.
Dimensions 22 cm
490 0# - SERIES STATEMENT
Series statement Psycho SUP
500 ## - GENERAL NOTE
General note Table des matières, glossaire, bibliographie.
520 ## - SUMMARY, ETC.
Summary, etc. Apprend-on grâce à une mémoire photographique ? Faut-il abolir l'apprentissage par cœur ? Peut-on apprendre ses leçons en écoutant de la musique ou en regardant la télévision ? Faut-il mémoriser un grand nombre d'informations pour moins oublier ? A toutes ces questions concrètes, et à beaucoup d'autres encore, cet ouvrage apporte des réponses précises.L'auteur s'appuie sur de nombreuses recherches expérimentales, notamment sur des travaux consacrés aux programmes du collège, de la 6e à la 3e. L'inventaire complet des manuels de 6e révèle ainsi la présence de 6 000 mots nouveaux ! Or, d'après une évaluation dans un collège pilote, seuls 2 500 mots sont acquis et compris en fin d'année. D'autres recherches montrent que c'est la mémoire encyclopédique, fondée sur la connaissance de milliers de mots issus de matières variées, et non l'intelligence, mesurée par des tests de raisonnement, qui favorise la réussite scolaire.Cette troisième édition, entièrement revue et augmentée, présente une nouvelle méthode pour enrichir la mémoire l'apprentissage multi-épisodes. Elle s'adresse aux étudiants de psychologie, des sciences de l'éducation et des instituts universitaires de formation des maîtres ainsi qu'aux enseignants et aux parents.
650 4# - SUBJECT ADDED ENTRY--TOPICAL TERM
Topical term or geographic name entry element Mémoire
650 4# - SUBJECT ADDED ENTRY--TOPICAL TERM
Topical term or geographic name entry element Cognition
650 4# - SUBJECT ADDED ENTRY--TOPICAL TERM
Topical term or geographic name entry element Réussite scolaire
650 4# - SUBJECT ADDED ENTRY--TOPICAL TERM
Topical term or geographic name entry element Apprentissage
650 4# - SUBJECT ADDED ENTRY--TOPICAL TERM
Topical term or geographic name entry element Sciences de l'éducation
942 ## - ADDED ENTRY ELEMENTS (KOHA)
Koha item type Books
Holdings
Withdrawn status Lost status Source of classification or shelving scheme Damaged status Not for loan Home library Current library Shelving location Date acquired Source of acquisition Cost, normal purchase price Total Checkouts Full call number Barcode Date last seen Copy number Price effective from Koha item type
    Dewey Decimal Classification     مكتبة دار المعلمين و المعلمات - بئر حسن مكتبة دار المعلمين و المعلمات - بئر حسن Salle de Lecture 11/24/2008 Ambassade de France 0.00   371.283 Lie CRB2539 07/27/2016 1 07/27/2016 Books
    Dewey Decimal Classification     مكتبة دار المعلمين و المعلمات - جونية مكتبة دار المعلمين و المعلمات - جونية Salle de Lecture 02/10/2009 Ambassade de France 0.00   153 LIE. CRJ3215 07/27/2016 1 07/27/2016 Books
    Dewey Decimal Classification     مكتبة دار المعلمين و المعلمات - زحلة مكتبة دار المعلمين و المعلمات - زحلة Salle de Lecture 12/22/2008 Amb. de France 15.30   370.152 LIE CRZ3594 07/27/2016 1 07/27/2016 Books
    Dewey Decimal Classification     مكتبة دار المعلمين و المعلمات - طرابلس مكتبة دار المعلمين و المعلمات - طرابلس Salle de Lecture 04/02/2009 Ambassade de France 0.00   153.1 LIE CRT2962 07/27/2016 1 07/27/2016 Books